Travel agency and tour operation: Concepts and principles (Record no. 153428)

MARC details
000 -LEADER
fixed length control field 00387nam a2200145Ia 4500
008 - FIXED-LENGTH DATA ELEMENTS--GENERAL INFORMATION
fixed length control field 230917s9999||||xx |||||||||||||| ||und||
040 ## - CATALOGING SOURCE
-- 167216
Original cataloging agency VIVEKANANDA LIBRARY
041 ## - Language
-- English
082 ## - DDC NUMBER
Classification number 338.4791 S23T
100 ## - MAIN ENTRY--PERSONAL NAME
Personal name Sharma, Lalita
245 #0 - TITLE STATEMENT
Title Travel agency and tour operation: Concepts and principles
260 ## - PUBLICATION, DISTRIBUTION, ETC. (IMPRINT)
Place of publication, distribution, etc New Delhi
Name of publisher, distributor, etc Centrum Press
Date of publication, distribution, etc 2010
300 ## - PHYSICAL DESCRIPTION
Pages 308 p.
942 ## - ADDED ENTRY ELEMENTS (KOHA)
Koha item type Books
Holdings
Withdrawn status Lost status Damaged status Not for loan Location (home branch) Sublocation or collection (holding branch) Shelving location Date acquired Koha issues (times borrowed) Koha full call number Accession No. Koha date last seen Koha item type
        VIVEKANANDA LIBRARY VIVEKANANDA LIBRARY IHTM Library 11/11/2010   338.4791 S23T 278139 17/09/2023 Books
        VIVEKANANDA LIBRARY VIVEKANANDA LIBRARY IHTM Library 11/11/2010   338.4791 S23T 364989 17/09/2023 Books
        VIVEKANANDA LIBRARY VIVEKANANDA LIBRARY IHTM Library 11/11/2010   338.4791 S23T 364990 17/09/2023 Books
© Designed and Maintained by Vivekananda Library, MDU Rohtak